Datum a čas kvízu
32
Celkem bodů
Celkový počet nahraných bodů na tomto kvízu bez doplňovacích otázek.
10.
Pořadí na kvízu
Konečné umístění týmu na tomto kvízu.
Zaznamenané odpovědi
| # | Otázka | Odpověď | Body | Výsledky |
|---|---|---|---|---|
| 1. | Jistý poslanec za SPD minulý t... | Radek Koten | 0 | |
| 2. | Ve kterém německém městě se mi... | v Mnichově | 0 | |
| 3. | Jak se nazývá německý zámek, j... | Moritzburg | 1 | |
| 4. | Minulý týden vydal Český stati... | A | 1 | |
| 5. | Který norský sportovec získal... | Johannes Bö | 1 | |
| 6. | Obec s nejdelším názvem v Česk... | A | 0 | |
| 7. | Česká republika hraničí se čty... | 1D 2C 3A 4B | 1 | |
| 8. | Nejníže položené sídlo v České... | Hřensko | 1 | |
| 9. | V této otázce bude potřeba k z... | 1B 2A 3C 4D | 0 | |
| 10. | V České republice jsou čtyři ú... | NP Šumava | 1 |